|
|
|
|
| LEADER |
03425nam a2200781 i 4500 |
| 001 |
nkc20193162393 |
| 003 |
CZ PrNK |
| 005 |
20200714113317.0 |
| 007 |
ta |
| 008 |
191129s2019 xr abchf 001 0 cze |
| 015 |
|
|
|a cnb003162393
|
| 020 |
|
|
|a 978-80-244-5563-1
|q (vázáno)
|
| 035 |
|
|
|a (OCoLC)1200247418
|
| 040 |
|
|
|a ABA001
|b cze
|d BOA001
|e rda
|
| 041 |
1 |
|
|a cze
|a dut
|b cze
|b dut
|b eng
|h dut
|
| 043 |
|
|
|a e-ne---
|
| 045 |
|
|
|a i-t-
|
| 072 |
|
7 |
|a 821.11.09
|x Germánské literatury (o nich)
|2 Konspekt
|9 11
|
| 080 |
|
|
|a 821.112.5-2
|2 MRF
|
| 080 |
|
|
|a 82.0
|2 MRF
|
| 080 |
|
|
|a 82:81-26
|2 MRF
|
| 080 |
|
|
|a 82:7.04
|2 MRF
|
| 080 |
|
|
|a 82.091
|2 MRF
|
| 080 |
|
|
|a 82.09
|2 MRF
|
| 080 |
|
|
|a 82:316.3
|2 MRF
|
| 080 |
|
|
|a 37.091.33-027.22:82-2
|2 MRF
|
| 080 |
|
|
|a (492)
|2 MRF
|
| 080 |
|
|
|a (048.8:082)
|2 MRF
|
| 100 |
1 |
|
|a Bossaert, Benjamin,
|d 1985-
|7 pna2017969251
|4 aut
|
| 245 |
1 |
0 |
|a Nizozemské divadelní hry ve středověku :
|b vznik a vývoj žánru, jeho tematika, jazykové prostředky a využití středověkých nizozemských divadelních textů v současné didaktice /
|c Benjamin Bossaert, Eva Brázdová Toufarová, Wilken Engelbrecht, Jana Engelbrechtová, Markéta Kluková a Pim van der Horst
|
| 250 |
|
|
|a 1. vydání
|
| 264 |
|
1 |
|a Olomouc :
|b Univerzita Palackého v Olomouci,
|c 2019
|
| 300 |
|
|
|a 319 stran :
|b ilustrace (převážně barevné), mapy, portréty, faksimile ;
|c 26 cm
|
| 336 |
|
|
|a text
|b txt
|2 rdacontent
|
| 337 |
|
|
|a bez média
|b n
|2 rdamedia
|
| 338 |
|
|
|a svazek
|b nc
|2 rdacarrier
|
| 504 |
|
|
|a Obsahuje bibliografii, bibliografické odkazy a rejstřík
|
| 546 |
|
|
|a Částečně souběžný nizozemský text, české, nizozemské a anglické resumé
|
| 648 |
|
7 |
|a 5.-16. století
|7 ch901484
|2 czenas
|
| 650 |
0 |
7 |
|a nizozemské drama
|7 ph538778
|y 5.-16. století
|2 czenas
|
| 650 |
0 |
7 |
|a genologie
|7 ph138243
|2 czenas
|
| 650 |
0 |
7 |
|a literární jazyk
|7 ph122386
|2 czenas
|
| 650 |
0 |
7 |
|a literární náměty
|7 ph138213
|2 czenas
|
| 650 |
0 |
7 |
|a literární inspirace
|7 ph381209
|2 czenas
|
| 650 |
0 |
7 |
|a literárněvědné rozbory
|7 ph138745
|2 czenas
|
| 650 |
0 |
7 |
|a literatura a společnost
|7 ph122371
|z Nizozemsko
|y 5.-16. století
|2 czenas
|
| 650 |
0 |
7 |
|a školské drama
|7 ph930161
|z Nizozemsko
|y 5.-16. století
|2 czenas
|
| 650 |
0 |
9 |
|a Dutch drama
|y 5th-16th centuries
|2 eczenas
|
| 650 |
0 |
9 |
|a genology (literature)
|2 eczenas
|
| 650 |
0 |
9 |
|a language of literature
|2 eczenas
|
| 650 |
0 |
9 |
|a literary themes
|2 eczenas
|
| 650 |
0 |
9 |
|a literary inspiration
|2 eczenas
|
| 650 |
0 |
9 |
|a literary criticism and history
|2 eczenas
|
| 650 |
0 |
9 |
|a literature and society
|z Netherlands
|y 5th-16th centuries
|2 eczenas
|
| 650 |
0 |
9 |
|a school drama
|z Netherlands
|y 5th-16th centuries
|2 eczenas
|
| 655 |
|
7 |
|a kolektivní monografie
|7 fd501537
|2 czenas
|
| 655 |
|
9 |
|a collective monographs
|2 eczenas
|
| 700 |
1 |
|
|a Toufarová, Eva,
|d 1975-
|7 mzk2007390356
|4 aut
|
| 700 |
1 |
|
|a Engelbrecht, Wilken,
|d 1962-
|7 jo20000070954
|4 aut
|
| 700 |
1 |
|
|a Engelbrechtová, Jana,
|d 1967-
|7 jx20100106012
|4 aut
|
| 700 |
1 |
|
|a Kluková, Markéta,
|d 1989-
|7 pna2017969247
|4 aut
|
| 700 |
1 |
|
|a Horst, Pim van der,
|d 1977-
|7 pna2017969255
|4 aut
|
| 910 |
2 |
|
|a BOA001
|b 2-1446.059
|
| 990 |
|
|
|a BK
|
| 995 |
|
|
|a 01
|
| 991 |
|
|
|b 202005
|c NOV
|
| 996 |
6 |
|
|b 2610819834
|c 2-1446.059
|l MZK
|r Sklad / do 1 hodiny
|n 0
|p p.v.
|w 001796102
|u 000010
|a 1
|e BOA001
|j MZK50
|s P
|
| 996 |
7 |
|
|b 2610830274
|c 2-1446.059
|l MZK
|r Sklad / do 1 hodiny
|n 0
|p kup
|w 001796102
|u 000020
|a 1
|e BOA001
|j MZK50
|s A
|